[Event "Ivrea Autumn 22th"]
[Site "Ivrea"]
[Date "2011.10.01"]
[Round "2"]
[White "Castello, Leonardo"]
[Black "Renzini, Lorenzo"]
[Result "0-1"]
[WhiteElo "1347"]
[BlackElo "1766"]
[PlyCount "112"]
[EventDate "2011.09.??"]
[EventType "swiss"]
[EventRounds "8"]
[EventCountry "ITA"]
[SourceTitle "EXT 2024"]
[Source "ChessBase"]
[SourceDate "2023.10.10"]
[SourceVersion "1"]
[SourceVersionDate "2023.10.10"]
[SourceQuality "1"]

1. e4 c5 2. Nc3 Nc6 3. Bb5 Nd4 4. Bc4 d6 5. Nf3 Be6 6. Nxd4 Bxc4 7. Nde2 g6 8. d4 Bg7 9. Be3 b6 10. b3 Ba6 11. 0-0 Nf6 12. a3 0-0 13. b4 Nd7 14. Nd5 Bxe2 15. Qxe2 cxd4 16. Bd2 Rc8 17. Rac1 e6 18. Nf4 Ne5 19. Rfd1 Nc4 20. Nd3 Nxa3 21. Be1 Rc6 22. c3 dxc3 23. Qa2 Nb5 24. Qa6 Nd4 25. Qxa7 Ne2+ 26. Kf1 Nxc1 27. Rxc1 Qc7 28. Qa4 c2 29. b5 Rc4 30. Qb3 Bh6 31. f4 Rc8 32. e5 dxe5 33. Nxe5 Rxf4+ 34. Nf3 Qc4+ 35. Qxc4 Rfxc4 36. Bd2 Bxd2 37. Nxd2 R4c5 38. Ne4 Rxb5 39. Nd2 Ra5 40. Nb3 Ra3 41. Nd2 Ra1 42. Nb3 Rb1 43. Rxb1 cxb1Q+ 44. Ke2 Rc3 45. Nd2 Qd3+ 46. Ke1 Rc1+ 47. Kf2 Qxd2+ 48. Kf3 Qd4 49. g3 Rc2 50. h4 h5 51. g4 Qxg4+ 52. Ke3 Rc3+ 53. Kd2 Qd4+ 54. Ke2 Qd3+ 55. Kf2 Rc2+ 56. Ke1 Qe2# 0-1